Central and Eastern Europe`s 25 years of transition-bottlenecks of institutional transformation

Úloha inštitúcií v socio-ekonomickom rozvoji SVE. Úloha EÚ v transformačných procesoch SVE. Rámec Susedskej politiky 2009 a iniciatíva Východného partnerstva.

Gespeichert in:
Bibliographische Detailangaben
1. Verfasser: Fifeková, Elena
Weitere Verfasser: Vondrová, Andrea, 1987-
Format: Buchkapitel
Sprache:Englisch
Schlagworte:
Tags: Tag hinzufügen
Keine Tags, Fügen Sie das erste Tag hinzu!

MARC

LEADER 00000nla a2200000 4500
001 0204277
005 20240502083513.0
041 0 |a eng 
044 |a SI 
245 1 0 |a Central and Eastern Europe`s 25 years of transition-bottlenecks of institutional transformation  |c Elena Fifeková, Andrea Vondrová 
520 |a Úloha inštitúcií v socio-ekonomickom rozvoji SVE. Úloha EÚ v transformačných procesoch SVE. Rámec Susedskej politiky 2009 a iniciatíva Východného partnerstva. 
610 2 0 |a rozvoj sociálno-ekonomický 
610 2 0 |a procesy sociálno-ekonomické 
610 2 0 |a transformácia 
610 2 0 |a globalizácia 
610 2 0 |a rozvoj trvalo udržateľný 
610 2 0 |a integrácia regionálna 
610 2 0 |a inštitúcia 
100 1 |a Fifeková, Elena 
700 1 |a Vondrová, Andrea, 1987-